000 00940 a2200277 4500
001 200001107
999 _c200001107
_d17048
003 TR-AnTOB
005 20230818153930.0
008 130308s2009 ko
020 _a9781599665177
041 _aeng
050 1 4 _aPE1128
090 _a
099 _aPEE TIBT BUI BEG 2009
100 1 _aEdmunds, Paul
_969124
245 1 0 _aBuilding Skills for the TOEFL IBT :
_bbeginning /
_cPaul Edmunds, Nancie McKinnon, Jeff Zeter.
264 1 _aKorea:
_bCompass,
_c2009.
300 _a759 p. :
_c28 cm.
650 _aTest of English as a Foreign Language
_vPeriodicals
_vStudy guides
_967553
650 7 _aTOEFL
_vÇalışma kılavuzları
_2etuturkob
_957468
650 0 _aEnglish language
_vTextbooks for foreign speakers
_xTextbooks for foreign speakers
_967636
650 7 _aİngiliz dili
_vDers kitapları, Yabancılar için
_2etuturkob
_917653
700 _aZeter Jeff
_969149
700 1 _aMcKinnon, Nancie
_969125
942 _cBK